Sharenting a phubbing - novodobé ohrozenia rodiny digitálnymi technológiami
Príspevok sa zaoberá problematikou moderných digitálnych hrozieb, ako sú sharenting a phubbing, a ich vplyvom na rodinné vzťahy. Téma je zasadená do kontextu práce školského sociálneho pedagóga, pričom zdôrazňuje význam sociálno-pedagogickej diagnostiky. Text skúma rodičovské praktiky v digitálnom p...
Guardado en:
| Autor principal: | |
|---|---|
| Formato: | Capítulo de libro |
| Lenguaje: | eslovaco |
| Materias: | |
| Etiquetas: |
Sin Etiquetas, Sea el primero en etiquetar este registro!
|
MARC
| LEADER | 00000naa a2200000 4500 | ||
|---|---|---|---|
| 001 | 0308273 | ||
| 005 | 20250424143902.9 | ||
| 041 | 0 | |a slo | |
| 044 | |a SK | ||
| 245 | 1 | 0 | |a Sharenting a phubbing - novodobé ohrozenia rodiny digitálnymi technológiami |c Miriam Niklová |
| 520 | |a Príspevok sa zaoberá problematikou moderných digitálnych hrozieb, ako sú sharenting a phubbing, a ich vplyvom na rodinné vzťahy. Téma je zasadená do kontextu práce školského sociálneho pedagóga, pričom zdôrazňuje význam sociálno-pedagogickej diagnostiky. Text skúma rodičovské praktiky v digitálnom prostredí, ich vplyv na deti a naznačuje riziká spojené s neuváženým zdieľaním obsahu. | ||
| 610 | 2 | 0 | |a bezpečnosť |
| 610 | 2 | 0 | |a rodina |
| 610 | 2 | 0 | |a rodičovstvo |
| 610 | 2 | 0 | |a technológie informačné |
| 610 | 2 | 0 | |a siete sociálne |
| 610 | 2 | 0 | |a internet |
| 610 | 2 | 0 | |a digitalizácia |
| 610 | 2 | 0 | |a sharenting |
| 610 | 2 | 0 | |a phubbing |
| 100 | 1 | |a Niklová, Miriam | |